header

Land in conflict : (Record no. 108957)

MARC details
000 -LEADER
fixed length control field 01946nam a2200445 i 4500
001 - CONTROL NUMBER
control field ebr10878375
003 - CONTROL NUMBER IDENTIFIER
control field CaPaEBR
006 - FIXED-LENGTH DATA ELEMENTS--ADDITIONAL MATERIAL CHARACTERISTICS--GENERAL INFORMATION
fixed length control field m o d
007 - PHYSICAL DESCRIPTION FIXED FIELD--GENERAL INFORMATION
fixed length control field cr cn|||||||||
008 - FIXED-LENGTH DATA ELEMENTS--GENERAL INFORMATION
fixed length control field 140614t20132013maua ob 001 0 eng d
020 ## - INTERNATIONAL STANDARD BOOK NUMBER
Cancelled/invalid ISBN 9781558442467
International Standard Book Number 9781558442818 (e-book)
040 ## - CATALOGING SOURCE
Original cataloging agency CaPaEBR
Language of cataloging eng
Description conventions rda
-- pn
Transcribing agency CaPaEBR
035 ## - SYSTEM CONTROL NUMBER
System control number (OCoLC)882251363
043 ## - GEOGRAPHIC AREA CODE
Geographic area code n-us---
050 14 - LIBRARY OF CONGRESS CALL NUMBER
Classification number HD205
Item number .N65 2013eb
082 04 - DEWEY DECIMAL CLASSIFICATION NUMBER
Classification number 333.73/130973
Edition number 23
100 1# - MAIN ENTRY--PERSONAL NAME
Personal name Nolon, Sean,
Relator term author.
245 10 - TITLE STATEMENT
Title Land in conflict :
Remainder of title managing and resolving land use disputes /
Statement of responsibility, etc Sean Nolon, Ona Ferguson, Pat Field ; with a foreword by Bruce Babbitt.
264 #1 - PRODUCTION, PUBLICATION, DISTRIBUTION, MANUFACTURE, AND COPYRIGHT NOTICE
Place of production, publication, distribution, manufacture [Cambridge, Massachusetts] :
Name of producer, publisher, distributor, manufacturer Lincoln Institute of Land Policy,
Date of production, publication, distribution, manufacture, or copyright notice 2013.
Date of production, publication, distribution, manufacture, or copyright notice �2013
300 ## - PHYSICAL DESCRIPTION
Extent 1 online resource (210 pages) :
Other physical details illustrations
336 ## - CONTENT TYPE
Content type term text
Source rdacontent
337 ## - MEDIA TYPE
Media type term computer
Source rdamedia
338 ## - CARRIER TYPE
Carrier type term online resource
Source rdacarrier
504 ## - BIBLIOGRAPHY, ETC. NOTE
Bibliography, etc Includes bibliographical references and index.
588 ## - SOURCE OF DESCRIPTION NOTE
Source of description note Description based on print version record.
590 ## - LOCAL NOTE (RLIN)
Local note Electronic reproduction. Palo Alto, Calif. : ebrary, 2014. Available via World Wide Web. Access may be limited to ebrary affiliated libraries.
650 #0 - SUBJECT ADDED ENTRY--TOPICAL TERM
Topical term or geographic name as entry element Land use
Geographic subdivision United States.
Topical term or geographic name as entry element Land use
Geographic subdivision United States
General subdivision Planning.
Topical term or geographic name as entry element Land tenure
Geographic subdivision United States.
Topical term or geographic name as entry element City planning
Geographic subdivision United States.
655 #0 - INDEX TERM--GENRE/FORM
Genre/form data or focus term Electronic books.
700 1# - ADDED ENTRY--PERSONAL NAME
Personal name Bruce Babbitt,
Relator term author of introduction, etc.
Personal name Ferguson, Ona,
Relator term author.
Personal name Field, Patrick,
Dates associated with a name 1963-
Relator term author.
776 08 - ADDITIONAL PHYSICAL FORM ENTRY
Display text Print version:
Title Land in conflict : managing and resolving land use disputes.
Place, publisher, and date of publication [Cambridge, Massachusetts] : Lincoln Institute of Land Policy, c2013
Physical description xv, 188 pages
International Standard Book Number 9781558442467
Record control number 2013009836
797 2# - LOCAL ADDED ENTRY--CORPORATE NAME (RLIN)
Corporate name or jurisdiction name as entry element ebrary.
856 40 - ELECTRONIC LOCATION AND ACCESS
Uniform Resource Identifier <a href="http://site.ebrary.com/lib/rucke/Doc?id=10878375">http://site.ebrary.com/lib/rucke/Doc?id=10878375</a>
Public note An electronic book accessible through the World Wide Web; click to view

No items available.

© 2026 Rongo University
Contact us: librarian | system librarian | Rongo university